Statistics for U.S. States with the Most Homeless People per Capita

Click here to take the quiz!

General Stats

  • This quiz has been taken 370 times
  • The average score is 7 of 10

Answer Stats

# per 10,000State% Correct
34California
97%
45New York
95%
29Washington
85%
34Oregon
83%
27Nevada
72%
51Hawaii
68%
26Massachusetts
64%
20Colorado
60%
25Alaska
51%
20Vermont
27%

Score Distribution

Percentile by Number Answered

Percent of People with Each Score

Your Score History

You have not taken this quiz